Capitais Aleatórias da América do Norte - Statistics

Estatísticas Gerais
  • Esse quiz foi jogado 55 vezes
  • A pontuação média é 6 de 10
Estatísticas das Respostas
País Capital % Correto
Cuba Havana
100%
Costa Rica San José
100%
Estados Unidos Washington D.C.
100%
Canadá Ottawa
91%
México Cidade do México
90%
Jamaica Kingston
88%
Haiti Porto Príncipe
86%
Guatemala Cidade da Guatemala
83%
El Salvador San Salvador
80%
Panamá Cidade do Panamá
78%
República Dominicana Santo Domingo
75%
Nicarágua Manágua
67%
Trinidad & Tobago Port-of-Spain
56%
Bahamas Nassau
50%
Dominica Roseau
50%
Antígua & Barbuda Saint John's
50%
Honduras Tegucigalpa
43%
São Vicente & Granadinas Kingstown
36%
Belize Belmopan
33%
Barbados Bridgetown
33%
Granada Saint George's
25%
São Cristóvão & Névis Basseterre
20%
Santa Lúcia Castries
11%
Nenhum quiz correspondente encontrado
Distribuição das Pontuações
Porcentagem de Pessoas com Cada Pontuação
Percentil de Números Respondidos
Sua Pontuação Histórica
Você não jogou esse quiz